书目信息 |
| 题名: |
日本电子记录债权法研究
|
|
| 作者: | 崔聪聪 著 | |
| 分册: | ||
| 出版信息: | 北京 北京邮电大学出版社 2015 |
|
| 页数: | 169页 | |
| 开本: | 24cm | |
| 丛书名: | 互联网治理与法律研究 | |
| 单 册: | ||
| 中图分类: | D931.33 | |
| 科图分类: | ||
| 主题词: | 债权法--zhai quan fa--研究--日本 | |
| 电子资源: | ||
| ISBN: | 978-7-5635-4077-8 | |
| 000 | 00995nam0 22002651 450 | |
| 001 | 1752545891 | |
| 005 | 20170602161240.0 | |
| 010 | @a978-7-5635-4077-8@dCNY29.80 | |
| 100 | @a20160105d2015 kemy0chiy50 ea | |
| 101 | 0 | @achi |
| 102 | @aCN@b110000 | |
| 105 | @ay v 000yy | |
| 106 | @ar | |
| 200 | 1 | @a日本电子记录债权法研究@Ari ben dian zi ji lu zhai quan fa yan jiu@f崔聪聪著 |
| 210 | @a北京@c北京邮电大学出版社@d2015 | |
| 215 | @a169页@d24cm | |
| 225 | 2 | @a互联网治理与法律研究@Ahu lian wang zhi li yu fa lv yan jiu@f李欲晓主编 |
| 300 | @a国家出版基金项目 | |
| 330 | @a本书介绍了日本《电子记录债权法》的立法背景及其具体制度,分析了我国现行债权让与和债券质押法律制度的缺陷,在此基础上提出我国出台电子登记债权法的必要性并论证了其可行性。 | |
| 461 | 0 | @12001 @a互联网治理与法律研究 |
| 606 | 0 | @a债权法@Azhai quan fa@x研究@y日本 |
| 690 | @aD931.33@v5 | |
| 701 | 0 | @a崔聪聪@Acui cong cong@f(1978~)@4著 |
| 801 | 0 | @aCN@bTANG WEI@c20170531 |
| 905 | @b0971263-7@dD931.33@e133@f5 | |
| 日本电子记录债权法研究/崔聪聪著 .-北京:北京邮电大学出版社,2015 |
| 169页;24cm.-(互联网治理与法律研究/李欲晓主编) |
| 国家出版基金项目 |
| ISBN 978-7-5635-4077-8:CNY29.80 |
| 本书介绍了日本《电子记录债权法》的立法背景及其具体制度,分析了我国现行债权让与和债券质押法律制度的缺陷,在此基础上提出我国出台电子登记债权法的必要性并论证了其可行性。 |
| ● |
| 相关链接 |
|
|
|
|
正题名:日本电子记录债权法研究
索取号:D931.33/133
 
预约/预借
| 序号 | 登录号 | 条形码 | 馆藏地/架位号 | 状态 | 备注 |
| 1 | 0971263 | 209712630 | 第一样本阅览室/ [索取号:D931.33/133] | 在馆 | |
| 2 | 0971264 | 209712649 | 密集书库-史法系/ [索取号:D931.33/133] | 在馆 | |
| 3 | 0971265 | 209712658 | 第一借阅区/ [索取号:D931.33/133] | 在馆 | |
| 4 | 0971266 | 209712667 | 第一借阅区/ [索取号:D931.33/133] | 在馆 | |
| 5 | 0971267 | 209712676 | 第一借阅区/ [索取号:D931.33/133] | 在馆 |